اردو صحا فت : (Record no. 189725)

MARC details
000 -LEADER
fixed length control field 00696nam a22001937a 4500
005 - DATE AND TIME OF LATEST TRANSACTION
control field 20220711165206.0
010 ## - LCCN (DPL NO)
LC control number UR-11642
020 ## - INTERNATIONAL STANDARD BOOK NUMBER
International Standard Book Number 9789393785404
Terms of availability 550.00
035 ## - SYSTEM CONTROL NUMBER
System control number U-10197
037 ## - SOURCE OF ACQUISITION
Source of stock number/acquisition DBAD/PUB
Stock number -
082 ## - DEWEY DECIMAL CLASSIFICATION NUMBER
Classification number 070
100 ## - MAIN ENTRY--PERSONAL NAME
Personal name ہاشمی ، شاہ نواز
245 ## - TITLE STATEMENT
Title اردو صحا فت :
Remainder of title حقا یق ، روایت اور امکانات /
Statement of responsibility, etc شاہنواز ہاشمی
246 ## - VARYING FORM OF TITLE
Title proper/short title Urdu Sahafat: Haqaiq, Riwayat aur Imkanaat /
Remainder of title by Shahnawaz Hashmi
260 ## - PUBLICATION, DISTRIBUTION, ETC. (IMPRINT)
Place of publication, distribution, etc New Delhi
Name of publisher, distributor, etc Educational Publishing House
Date of publication, distribution, etc 2022 ء
270 ## - ADDRESS
Address H.o. D1/16, Ansari Road, Daryaganj
City New Delhi
Postal code 110002
300 ## - PHYSICAL DESCRIPTION
Extent 423 ص
Dimensions 22cm(Hb)
942 ## - ADDED ENTRY ELEMENTS (KOHA)
Source of classification or shelving scheme Dewey Decimal Classification
Item type Urdu Bks
Classification part 070
Call number suffix ہ ا ش
Holdings
Withdrawn status Lost status Not for loan Collection code Home library Current library Date acquired Source of acquisition Cost, normal purchase price Full call number Barcode Copy number Cost, replacement price Koha item type
      Non-fiction Central Library Central Library 11/07/2022 DBAD/PUB 550.00 070 ہ ا ش U-10197 1 550.00 Urdu Bks

© Delhi Public Library
Hit Counter
free hit counter